000 02675cam a22006014a 4500
001 79859
005 20230411085732.0
008 050124s2005 nyu b 001 0 eng
010 _a 2005001915
035 _a(OCoLC)ocm57506498
040 _aDLC
_cDLC
_dIXA
_dNLM
_dCLU
_dBAKER
_dMUQ
_dTKR
_dYDXCP
_dOCLCQ
_dBTCTA
_dUBA
_dIG#
_dOKN
016 7 _a101250752
_2DNLM
019 _a62260585
020 _a1593851421 (hardcover : alk. paper)
020 _a9781593851422 (hardcover : alk. paper)
029 1 _aNLM
_b101250752
029 1 _aYDXCP
_b2183693
029 1 _aNLGGC
_b272284785
029 1 _aNZ1
_b9115291
029 1 _aAU@
_b000026642009
029 1 _aIG#
_b9781593851422
035 _a(OCoLC)57506498
_z(OCoLC)62260585
042 _apcc
050 1 4 _aRC489.C63
_bL44 2005
060 0 0 _a2005 H-774
060 1 0 _aWM 425.5.C6
_bL473m 2005
082 0 0 _a616.89/142
_222
049 _aGRAL
100 1 _aLedley, Deborah Roth.
245 1 0 _aMaking cognitive-behavioral therapy work :
_bclinical process for new practitioners /
_cDeborah Roth Ledley, Brian P. Marx, Richard G. Heimberg.
260 _aNew York :
_bGuilford Press,
_cc2005.
300 _axiii, 254 p. ;
_c24 cm.
504 _aIncludes bibliographical references and index.
505 0 _aIntroducing cognitive-behavioral process -- Initial interactions with clients -- The process of assessment -- Conceptualizing the case and planning treatment -- Giving feedback to clients and writing the assessment report -- Starting the cognitive-behavioral treatment process -- Dealing with initial challenges in cognitive-behavioral therapy -- The next sessions: teaching the core techniques -- Managing client noncompliance in cognitive-behavioral therapy -- Terminating therapy -- The process of supervision.
650 0 _aCognitive therapy.
650 1 2 _aCognitive Therapy
_xmethods.
650 2 2 _aMental Disorders
_xtherapy.
650 2 2 _aPatient Acceptance of Health Care.
650 2 2 _aPatient Care Planning.
650 6 _aThâerapie cognitive.
650 7 _aTerapia cognitiva.
_2larpcal
650 7 _aProcessos cognitivos.
_2larpcal
700 1 _aMarx, Brian P.
700 1 _aHeimberg, Richard G.
856 4 1 _3Table of contents only
_uhttp://www.loc.gov/catdir/toc/ecip056/2005001915.html
856 4 2 _3Contributor biographical information
_uhttp://www.loc.gov/catdir/enhancements/fy0621/2005001915-b.html
938 _aBaker & Taylor
_bBKTY
_c34.00
_d.00
_i1593851421
_n0006147988
_sactive
938 _aYBP Library Services
_bYANK
_n2183693
938 _aBaker and Taylor
_bBTCP
_n2005001915
938 _aIngram
_bINGR
_n9781593851422
942 _2lcc
_cbk
994 _aC0
_bDRFGD
999 _c106709
_d106709